000 00830nam a2200265 i 4500
001 47715
003 ES-MaACL
005 20230906161622.0
007 t|
008 020628s2001 sp ||||0| spa j
020 _a84-8319-134-2
040 _aM-BN
_bspa
_cM-BN
080 _a913(460)"17/19"
245 0 0 _aEstudios sobre historia del paisaje español /
_cNicolás Ortega Cantero (ed.).
250 _a1ª ed.
260 _aMadrid :
_bLos Libros de la Catarata,
_c2002.
300 _a186 p. :
_bil. ;
_c27 cm.
490 1 _aHistoria y paisaje. Serie Estudios ;
_v1
504 _aBibliografía.
650 _aPaisaje-
_zEspaña.
_9171738
700 1 _aOrtega Cantero, Nicolás.
_987443
830 0 _aHistoria y paisaje. Serie Estudios ;
_v1
_9188873
852 _aES-MaACL
_jL-26331
_bR.131650
999 _c47715
_d47715